000 00798 a2200193 4500
003 Nust
005 20220818184335.0
020 _a0071381872
040 _cNust
082 _a005.276,VAC
100 _aVACCA, JOHN R.
_995213
245 _aTelecom portable consultant i-mode crash course /
_cJohan R. Vacca
260 _aNEW YORK
_bMCGRAW HILL
_c2002
300 _axiii,467 p.:
505 _aPart-1: I-Mode Wireless Fundamentals (Page-1), Part-2: Developing I-Mode Applications (Page-87), Part-3: Installing and Deploying I-Mode (Page-145), Part-4: Configuring I-Mode (Page-231), Part-5: Managing I-Mode Markets (Page-249), Part-6: Advanced I-Mode and Future Directions (Page-287).
600 _aJOHN R. VACCA
_998100
650 _a I-MODE CRASH COURSE
_998101
942 _2ddc
_cBK
_k005.276,VAC
999 _c180437
_d180437